000 01043cad a22002175a 4500
001 L157104
008 120830s2012 xxk f 000 0 eng d
035 _a(Sirsi) u157104
041 0 _aeng
110 2 _aUnited Kingdom
_bDepartment of Energy and Climate Change
_95850
245 0 0 _aImportant next steps for the Green Deal
_h[electronic resource]
260 _aLondon
_bDECC
_c2012
490 0 _aDECC Press Notice
_v(12/094) 8 August 2012
520 _a£7m loan from the Department of Energy and Climate Change to The Green Deal Finance Company (TGDFC) has been agreed that will allow TGDFC to continue developing its low cost finance. Providers will be able to access finance through TGDFC, enabling them to offer packages to consumers upgrading their homes under the Green Deal.
590 _aKA
651 4 _aUnited Kingdom
690 _aEnergy
_96237
690 _aSustainability
_96271
856 4 0 _uhttps://www.decc.gov.uk/en/content/cms/news/pn12_094/pn12_094.aspx
_zview the item free of charge at www.decc.gov.uk
942 _n0
999 _c114598
_d114598